| 000 | 00619nam a2200193Ia 4500 | ||
|---|---|---|---|
| 999 |
_c42428 _d42428 |
||
| 001 | 9124 | ||
| 003 | GE_BSU | ||
| 005 | 20240607164141.0 | ||
| 008 | 181216s2013||||enk|||||||||||||| ||eng|| | ||
| 040 | _cGE_BSU | ||
| 041 | _aeng | ||
| 080 | _a7(519) K-75 | ||
| 245 |
_aKorea contemporary art exhibition 19-23 june 2013 : _bIntitational exhibition of ministry of culture and Monument Protection of Georgia. |
||
| 264 | _c2013. | ||
| 300 |
_a61 p. : _bill. ; _c28 cm. |
||
| 653 | _aIntitational exhibition of ministry of culture and Monument Protection | ||
| 653 | _aKorea contemporary art exhibition | ||
| 942 |
_cBK _2udc |
||